01095nab a22002537a 4500999001500000003000400015005001700019008004100036040000700077100003100084245011200115260007200227300001000299500003800309505011800347505008900465650002600554650001900580650001900599650003800618650003400656773013800690942001300828 c5721d5721OSt20251231171858.0190605e xxu||||| |||| 00| 0 spa d cPJ 96644aLeón, Gabriela R. 13aLas futbolistas : banálisis crítico del marco legal sobre embarazo y maternidad /cGabriela R. León. aCiudad Autónoma de Buenos Aires :bThomson Reuters La Ley,c2023. ap. 18 aCita: TR LALEY AR/DOC/938/2023.  a Sumario: I. Introducción a la temática.— II. Marco legal: análisis crítico.— III. Palabras finales.  t¿Te interesa el texto completo? Solicitalo al correo: koha@justierradelfuego.gov.ar 091316aDERECHO LABORAL 093725aDEPORTES 094897aEMBARAZO 094973aPROTECCION DE LA MATERNIDAD 094600aLICENCIA POR MATERNIDAD0 0271193168dCiudad Autónoma de Buenos Aires : Thomson Reuters La Ley, 1999-2002.tRevista de derecho del trabajo. Nº 3 - Mayo 2023 2udccANA